| 000 | 00837nam a22002057a 4500 | ||
|---|---|---|---|
| 003 | OSt | ||
| 005 | 20170608093046.0 | ||
| 008 | 150408b xxu||||| |||| 00| 0 eng d | ||
| 040 | _cBMC | ||
| 082 | _a670.42 | ||
| 100 | 1 |
_935735 _aDurán Villalobos, Jairo Iván |
|
| 245 | 1 | 0 |
_aPasantía en Importadora Ramírez; S.A. de C.V. _b: Informe final _cJairo Iván Durán Villalobos |
| 260 |
_aSanta Ana (El Salvador) _bUniversidad Católica de Occidente _c2006 |
||
| 300 |
_a37 h. _c27 cm _e+ 1 disco compacto |
||
| 500 | _aPrecede al tít.: Universidad Católica de El Occidente, Facultad de Ingeniería y Arquitectura | ||
| 502 | _aPara optar al título de Ingeniero Industrial | ||
| 650 | 0 |
_919919 _aIngeniería industrial |
|
| 710 | 2 |
_91166 _aUniversidad Católica de El Salvador _bFacultad de Ingeniería y Arquitectura |
|
| 942 |
_2ddc _cTG |
||
| 999 |
_c22033 _d22033 |
||